00266nam a22000977a 4500003000400000082001900004100004400023245003100067260006200098300000800160SGT a891.4309bM06M aमध्यम, महेंद्र  aमाँ भारती  bसत्य संधान प्रकाशक c2006 a133